البعد السياسى للجامعة و الامن البيئى : (رقم التسجيلة. 92580)

تفاصيل مارك
000 -LEADER
fixed length control field 012610am a22003010004500
003 - CONTROL NUMBER IDENTIFIER
control field EG-GiCUC
008 - FIXED-LENGTH DATA ELEMENTS--GENERAL INFORMATION
fixed length control field 070222s1996 ua a g f000 0 ara d
017 ## - COPYRIGHT OR LEGAL DEPOSIT NUMBER
Copyright or legal deposit number 1996 / 7097
Assigning agency مصر.دار الكتب
020 ## - INTERNATIONAL STANDARD BOOK NUMBER
International Standard Book Number 9775031559
040 ## - CATALOGING SOURCE
Original cataloging agency EG-GiCUC
Language of cataloging ara
Transcribing agency EG-GiCUC
043 ## - GEOGRAPHIC AREA CODE
Geographic area code f-ua---
050 #4 - LIBRARY OF CONGRESS CALL NUMBER
Classification number LB2331.43.
Item number S25 1996
092 04 - LOCALLY ASSIGNED DEWEY CALL NUMBER (OCLC)
Classification number 378
Item number S1653
Edition number 21
099 ## - LOCAL FREE-TEXT CALL NUMBER (OCLC)
Classification number 04
-- 378 S1653
100 1# - MAIN ENTRY--PERSONAL NAME
Personal name صالح : سامية خضر
245 12 - TITLE STATEMENT
Title البعد السياسى للجامعة و الامن البيئى :
Remainder of title دراسة فى المشاركة واتخاذ القرار /
Statement of responsibility, etc. سامية خضر صالح
260 ## - PUBLICATION, DISTRIBUTION, ETC.
Place of publication, distribution, etc. القاهرة :
Name of publisher, distributor, etc. اكاديمية البحث العلمى و التكنولوجيا :
Date of publication, distribution, etc. 1996
300 ## - PHYSICAL DESCRIPTION
Extent 352ص :
Other physical details ايض ؛
Dimensions 24سم
504 ## - BIBLIOGRAPHY, ETC. NOTE
Bibliography, etc. note يشتمل على ارجاعات ببليوجرافية (ص307-325)
650 #7 - SUBJECT ADDED ENTRY--TOPICAL TERM
Topical term or geographic name entry element الجامعات والكليات والمجتمع
Source of heading or term qrmak
650 #7 - SUBJECT ADDED ENTRY--TOPICAL TERM
Topical term or geographic name entry element الجامعات والكليات
Source of heading or term qrmak
650 #7 - SUBJECT ADDED ENTRY--TOPICAL TERM
Topical term or geographic name entry element الجامعات والكليات
General subdivision جوانب بيئية
Geographic subdivision مصر
Source of heading or term qrmak
650 #7 - SUBJECT ADDED ENTRY--TOPICAL TERM
Topical term or geographic name entry element الجامعات والكليات
General subdivision جوانب سياسية
Geographic subdivision مصر
Source of heading or term qrmak
902 ## - LOCAL DATA ELEMENT B, LDB (RLIN)
No. of Items 2
905 ## - LOCAL DATA ELEMENT E, LDE (RLIN)
Cataloger امل
Reviser مدخل
905 ## - LOCAL DATA ELEMENT E, LDE (RLIN)
Cataloger ايمان ع
Reviser مراجع
942 ## - ADDED ENTRY ELEMENTS (KOHA)
Source of classification or shelving scheme Dewey Decimal Classification
Koha item type Books
المقتنيات
Source of classification or shelving scheme Not for loan Home library Current library Date acquired Full call number Barcode Date last seen Copy number Koha item type
Dewey Decimal Classification   المكتبة المركزبة الجديدة - جامعة القاهرة قاعة الكتب - الدور الثاني 11.02.2024 378 S1653 01000100102140000 22.09.2023 C.1 Books
Dewey Decimal Classification   المكتبة المركزبة الجديدة - جامعة القاهرة قاعة الكتب - الدور الثاني 11.02.2024 378 S1653 01000100102141000 22.09.2023 C.2 Books
Cairo University Libraries Portal Implemented & Customized by: Eng. M. Mohamady Contacts: new-lib@cl.cu.edu.eg | cnul@cl.cu.edu.eg
CUCL logo CNUL logo
© All rights reserved — Cairo University Libraries
CUCL logo
Implemented & Customized by: Eng. M. Mohamady Contact: new-lib@cl.cu.edu.eg © All rights reserved — New Central Library
CNUL logo
Implemented & Customized by: Eng. M. Mohamady Contact: cnul@cl.cu.edu.eg © All rights reserved — Cairo National University Library